00511 2200193 4500001002100000005001500021008004100036020002200077035001900099041000700118082001000125090001600135100002200151245004800173250001700221260002900238300003600267650001400303INLIS00000000000403820241224112833241224||||||||| | ||| |||| || |  a978-979-015-953-2 0010-1224004038 aid0 a155.2 a155.2 FRI k0 aHoward S.Friedman00aKepribadian : Teori Klasik dan Riset Modern aJil.1, Ed. 3 aJakartabErlangga.c2008 axviii, 430 hlm. : ilus. : 25 cm 0aPsikologi